000 00745nam a2200253Ia 4500
003 GCL
008 140319s9999 xx 000 0 ara d
040 _aGCL /
_cGCL
082 0 4 _a574.87
_bس س
100 1 _aمحمد عزيز (مترجم)
245 1 0 _aالسيتولوجيا والوراثة السيتولوجية /
_cمحمد عزيز (مترجم)
700 1 _aسوانسون، كارل
700 1 _aحسين سعيد
260 _a[S.N] :
_bدار الفكر العربى
300 _a796 ص
490 _a
650 0 4 _aالعلم
650 0 4 _aالاجنة
650 0 4 _aالاحياء
650 0 4 _aالكيمياء الفسيولوجية
650 0 4 _aالانسجة
650 0 4 _aالخلايا
942 _2ddc
_cBK
999 _c33203
_d33203